| 000 | 00888nam a22002657a 4500 | ||
|---|---|---|---|
| 999 |
_c21496 _d21496 |
||
| 003 | AR-CdUCM | ||
| 008 | 190220b ||||| |||| 00| 0 spa d | ||
| 020 | _a9789972511240 | ||
| 040 |
_aMUNICIPALIDAD PROVINCIAL DEL CUSCO _cBIBLIOTECA MUNICIPAL DEL CUSCO |
||
| 082 |
_a309.185/P4 _bP4 _2tercera |
||
| 100 |
_aCotler, Julio _94661 |
||
| 245 |
_aClases, Estado y nación en el Perú / _cJulio Cotler |
||
| 260 |
_aLima : _bInstituto de Estudios Peruanos, IEP, _c2019. |
||
| 300 |
_a359 páginas. : _bdiagramas ; _c20 cm. |
||
| 440 |
_aSerie Perú Problema, _n17. _945078 |
||
| 500 | _zBibliografía: p. [433]-453. | ||
| 650 |
_aClases sociales _945079 |
||
| 650 |
_aCondiciones sociales _945080 |
||
| 650 |
_aSiglo XX _945081 |
||
| 650 |
_aHistoria _945082 |
||
| 650 |
_aPerú _945083 |
||
| 710 |
_aInstituto de Estudios Peruanos (Lima) _99759 |
||
| 942 |
_2ddc _cLIBROS |
||
| 945 | _aRoel | ||